2011 MLS Cup Playoffs - Statistics

General Stats
  • This quiz has been taken 94 times
  • The average score is 6 of 8
Answers on the Map
Answers color-coded by a green-red scale on the quiz's map according to % correct below.
 
Answer Stats
Team % Correct
Los Angeles Galaxy
98%
Seattle Sounders FC
85%
Houston Dynamo
79%
Sporting Kansas City
75%
New York Red Bulls
73%
Real Salt Lake
73%
Philadelphia Union
60%
Colorado Rapids
54%
No matching quizzes found
Score Distribution
Percent of People with Each Score
Percentile by Number Answered
Your Score History
You have not taken this quiz